Statistiken für Alle Pokemon ohne Entwicklung (Gen. 1)

Klicken Sie hier um das Quiz zu spielen!

Allgemein

  • Dieses Quiz wurde 178 mal gespielt
  • Das Durchschnittsergebnis liegt bei 20 aus 25

Antwortstatistiken

HintAntwort% Korrekt
#146Lavados
96%
#152Mew
95%
#145Zapdos
95%
#144Arktos
94%
#150Mewtu
92%
#143Relaxo
83%
#123Sichlor
83%
#128Tauros
83%
#115Kangama
82%
#125Elektek
81%
#142Aerodactyl
80%
#131Lapras
78%
#126Magmar
78%
#083Porenta
75%
#124Rossana
75%
#126Pinsir
74%
#132Ditto
72%
#122Pantimos
72%
#113Chaneira
71%
#095Onix
70%
#107Nockchan
68%
#137Porygon
67%
#114Tangela
67%
#106Kicklee
66%
#108Schlurp
61%

Verteilung der Resultate

Perzentil nach korrekt beantworteten Fragen

Anzahl Personen mit jedem Resultat

Ihre Resultats-Entwicklung

Sie haben dieses Quiz noch nicht gespielt